000 00416 a2200121 4500
001 ART_14898
005 20260410161614.0
008 260409a
245 1 0 _aLos CEO con mejor desempeño en el mundo
100 1 _aIbarra, Herminia
700 1 _aHansen, Morten T.
773 0 _tHarvard Business Review
_gReinvente : su empresa, su estrategia, su carrera - Vol. 88, Nº 1 (ene./feb. 2010)
_wREV340
999 _c10949
_d10949